000 00603nam a2200265Ia 4500
005 20260320203317.0
008 008 262003s9999 xx 000 0 eng d
020 _a978-3-031-75930-7
037 _aEBOOK
040 _aCRL
040 _beng
040 _cCRL
041 _2eng
041 _aeng
084 _qCRL
100 _aRicardo A. Ayala
_91075815
245 0 _aProfessional Autonomy
260 _bSpringer
260 _c2024
650 _aPhilosophy
856 _uhttps://doi.org/10.1007/978-3-031-75930-7
942 _cEBOOK
999 _c1726106
_d1726106